पांचवां युग : (Record no. 115456)
[ view plain ]
| 000 -LEADER | |
|---|---|
| fixed length control field | 01090nam a22002537a 4500 |
| 005 - DATE AND TIME OF LATEST TRANSACTION | |
| control field | 20170124103024.0 |
| 010 ## - LIBRARY OF CONGRESS CONTROL NUMBER | |
| LC control number | 708069 |
| 020 ## - INTERNATIONAL STANDARD BOOK NUMBER | |
| Terms of availability | 10.00 |
| 035 ## - SYSTEM CONTROL NUMBER | |
| System control number | 708069 |
| 037 ## - SOURCE OF ACQUISITION | |
| Source of stock number/acquisition | Cen Lib/Ret |
| 040 ## - CATALOGING SOURCE | |
| Original cataloging agency | DPL |
| Language of cataloging | HN |
| 082 ## - DEWEY DECIMAL CLASSIFICATION NUMBER | |
| Classification number | उ |
| Item number | त्यागी |
| 100 ## - MAIN ENTRY--PERSONAL NAME | |
| Personal name | त्यागी, मुरारीलाल |
| 9 (RLIN) | 61510 |
| 245 ## - TITLE STATEMENT | |
| Title | पांचवां युग : |
| Statement of responsibility, etc | मुरारीलाल त्यागी |
| Remainder of title | विश्व के इतिहास पर नवीन द्रष्टिकोण / |
| 246 ## - VARYING FORM OF TITLE | |
| Title proper/short title | Paanchvan yug : vishv ke itihas par naveen drashtikon / |
| Remainder of title | by Murarilal Tyagi |
| 260 ## - PUBLICATION, DISTRIBUTION, ETC. (IMPRINT) | |
| Place of publication, distribution, etc | दिल्ली |
| Name of publisher, distributor, etc | साहित्य प्रकाशन |
| Date of publication, distribution, etc | 1972 |
| 270 ## - ADDRESS | |
| Address | मालीवाड़ा |
| City | दिल्ली |
| Postal code | 110006 |
| 300 ## - PHYSICAL DESCRIPTION | |
| Extent | 236पृ. |
| Dimensions | 16सेमी(सजिल्द) |
| 650 ## - SUBJECT ADDED ENTRY--TOPICAL TERM | |
| Topical term or geographic name as entry element | हिंदी साहित्य |
| 9 (RLIN) | 61511 |
| 650 ## - SUBJECT ADDED ENTRY--TOPICAL TERM | |
| Topical term or geographic name as entry element | हिंदी उपन्यास |
| 9 (RLIN) | 61512 |
| 650 ## - SUBJECT ADDED ENTRY--TOPICAL TERM | |
| Topical term or geographic name as entry element | Hindi literature |
| 9 (RLIN) | 61513 |
| 650 ## - SUBJECT ADDED ENTRY--TOPICAL TERM | |
| Topical term or geographic name as entry element | Hindi fiction |
| 9 (RLIN) | 27248 |
| 942 ## - ADDED ENTRY ELEMENTS (KOHA) | |
| Source of classification or shelving scheme | Dewey Decimal Classification |
| Koha item type | Hindi Books |
| Classification part | उ |
| Call number suffix | त्यागी |
| Withdrawn status | Lost status | Damaged status | Not for loan | Home library | Current library | Date acquired | Source of acquisition | Cost, normal purchase price | Total Checkouts | Full call number | Barcode | Date last seen | Date checked out | Copy number | Cost, replacement price | Price effective from | Koha item type |
|---|---|---|---|---|---|---|---|---|---|---|---|---|---|---|---|---|---|
| Central Library | Central Library | 20/08/2015 | Cen Lib/Ref | 10.00 | 2 | उ त्यागी | 708069 | 02/02/2019 | 19/01/2019 | 1 | 10.00 | 20/08/2015 | Hindi Books |
